| 000 | 01150nam a2200301 a 4500 | ||
|---|---|---|---|
| 001 | BRCA_3491 | ||
| 005 | 20190320204316.0 | ||
| 020 | _a9687153121 | ||
| 041 | _aspa | ||
| 044 | _amx | ||
| 050 | 4 |
_aGT625 _b.T45 1987 |
|
| 245 | 1 | 0 |
_aLa tejedora de vida _bcolección de trajes mexicanos de Banca Serfín _cinformación sobre la indumentaria indígena de Carlota Mapelli Mozzi ; investigación y asesoría general Teresa Castelló Yturbide ; realización y diseño Beatrice Trueblood. |
| 260 |
_aMéxico _bBanca Serfín _c1987 |
||
| 300 |
_a255 p. _bil. a color _c32 cm. |
||
| 500 | _aIncluye indice de ilustraciones, índice de gráficas y mapas y glosario | ||
| 500 | _aColección Sonia Corcuera de Mancera | ||
| 504 | _aBibliografía : p. 244-246 | ||
| 610 | 2 | 4 |
_aBanca Serfín _99085 |
| 650 | 1 | 4 |
_aIndumentaria _zMéxico _9808 |
| 650 | 1 | 4 |
_aIndígenas de México _xClothing _99086 |
| 650 | 1 | 4 |
_aIndian textile fabrics _zMéxico _99087 |
| 700 | 1 |
_aMapelli Mozzi Parodi, Carlotta _92448 |
|
| 700 | 1 |
_aCastelló Yturbide, Teresa _92444 |
|
| 700 | 1 |
_aTrueblood, Beatrice _9615 |
|
| 710 | 2 |
_aBanca Serfín _99085 |
|
| 902 | _aDSC | ||
| 942 |
_2lcc _cB |
||
| 999 |
_c3227 _d3227 |
||